000
00321nam a2200145 4500
020
_a
0-09-923301-0
082
_a
813.54
100
_a
Michael Crichton
245
_a
Rising Sun
260
_a
London
_b
Arrow Books Ltd
_c
1992
300
_a
407p.
_e
18cm.
650
_a
Fiction
700
_a
Crichton, Michael
942
_c
BK
999
_c
12290
_d
12290